=LDR 00000nam 2200000 4500 =001 INLIS000000001052327 =005 20240826093957 =035 ##$$a 0010-0824000145 =007 ta =008 240826################a##########j###### =020 ##$$a 978-89-6329-634-0 =082 ##$$a 028.55 =084 ##$$a 028.55 CHO k =100 #$$a Choi Hyeong-mi =245 1#$$a Kambing menyukai sayuran /$c Choi Hyeong-mi =260 ##$$a Gyeonggi-do :$b Korea Tolstoi =300 ##$$a 31 hlm. : $b ilus. ; $c 26 cm =650 #4$$a Bacaan kanak-kanak =990 ##$$a 17121712